Statistics for How i spelt european countries in the 1 minute sprint quiz

Click here to take the quiz!

General Stats

  • This quiz has been taken 26 times
  • The average score is 15 of 20

Answer Stats

HintAnswer% Correct
germangtgermany
100%
sweeensweden
100%
frncefrance
91%
greecrogreece
91%
itl;yitaly
91%
ukraijwukraine
91%
andoeeaandorra
83%
esontialestonia
83%
norwaunorway
83%
russiberussia
83%
lthuunalithuania
74%
swixteralswitzerland
74%
lativallatvia
70%
sloeveenslovenia
70%
manocamonaco
65%
finalfinland
61%
modloamoldova
57%
netehrabnetherlands
57%
uerlandiceland
48%
niceladireland
48%

Score Distribution

Percentile by Number Answered

Percent of People with Each Score

Your Score History

You have not taken this quiz